000 00644nam a2200241 i 4500
001 C2-0325129
003 PPAK
005 20180728123234.0
008 140120s2013 my |||| ||||| | may d
020 _a9789670448435
040 _aPPAK
_beng
_cPPAK
_erda
082 0 4 _a899.233
_223
090 0 0 _a899.233
_bRIN
_dG
100 0 _aRina Farizq,
_eauthor
245 1 0 _aMiss XL
264 1 _aWangsa Maju, Kuala Lumpur :
_bPenerbitan Kaki Novel ,
_c2013
300 _aiii, 721 pages ;
_c19 cm
336 _2rdacontent
_atext
337 _2rdamedia
_aunmediated
338 _2rdacarrier
_avolume
650 1 0 _aMalay fiction.
942 _ddc
_cB
999 _c124893
_d124893